000 02004nam0a2200385 4500
001 RU\NLR\BIBL_A\022642170
005 20251212172623.0
010 _a978-5-00214-483-9
_95000
021 _aRU
_bКН-П-25-050909
_9КН-П-25-4925
035 _a(NLR Aleph) 022642170
090 _a13497763
_c13497763
100 _a20251013d2025 u y0rusy50 ca
101 0 _arus
102 _aRU
105 _aa z 000ay
181 0 _ai
_baxxe
182 0 _an
200 1 _aМоё пост-имаго
_e[сборник]
_fВладимир Торин
_g[иллюстрации: Ана Награни]
203 _aТекст
_bвизуальный
_cнепосредственный
210 _aМосква
_cМИФ
_d2025
215 _a604, [3] с., [6] л. цв. ил.
_cил.
_d21
225 1 _aТаинственные истории из Габена
225 1 _aФэнтези
311 _aПродолжение "историй" в романе "О носах и замках"
327 1 _aСодерж.: И гаснет свет : история о живых куклах, человеке в маске и загадочных событиях в доме № 24 на Каштановой улице : повесть ; Моё пост-имаго : история о таинственном происшествии, жуткой твари и кулинарных рецептах : роман
333 _a16+
488 0 _12001#$aО носах и замках$eистория о чудаке, невероятном преступлении и изготовлении счастья
_tО носах и замках
686 2 _aШ6(2=Р)8-445
700 1 _7ca
_8rus
_aТорин
_bВ.
_gВладимир
_977748
_3RU\NLR\AUTH\7794822
702 1 _4440
_7ca
_8rus
_aНаграни
_bА.
_f1996-
_gАна
_9256755
_3RU\NLR\AUTH\770256811
942 _cBOOK
980 _aNB